Teoría marxista del partido

Guardat en:
Dades bibliogràfiques
Altres autors: Sánchez Mascuñán, Alberto
Format: Desconegut
Idioma:Spanish
Publicat: México, D.F. : Grijalbo, 1972.
Col·lecció:Colección 70. Tercera Serie 117
Matèries:
Etiquetes: Afegir etiqueta
Sense etiquetes, Sigues el primer a etiquetar aquest registre!

MARC

LEADER 000000000a22000000004500
001 001946
008 160412s1972 mx ||||| |||| 00| 0 spa d
040 |a CIICLA - UCR 
082 |a 321.74  |b T314t 
245 1 0 |a Teoría marxista del partido   |c Alberto Sánchez Mascuñán, compilador 
260 |a México, D.F. :  |b Grijalbo,  |c 1972. 
300 |a 160 páginas 
490 1 |a  Colección 70. Tercera Serie  |v 117 
500 |a Número de inscripción 00796 
505 |r Carlos Max ; Frederic Engels.  |t El partido proletario /  
505 |r Lenin.  |t ¿Por donde empezar? /  
505 |r  Nicolás Bujarin.  |t Las clases y la lucha de clases / 
505 |r Georg Lukács.  |t El problema de la organización /  
505 |r Lenin.  |t Tareas urgentes de nuestro movimiento /  
505 |r Lenin.  |t Un paso adelante, dos pasos atrás /  
650 4 |a MARXISMO 
700 1 |a Sánchez Mascuñán, Alberto   |j compilador 
942 |2 ddc  |c BK 
999 |c 2831  |d 2831